| 000 | 00385nam a22001697a 4500 | ||
|---|---|---|---|
| 003 | OSt | ||
| 008 | 250423b |||||||| |||| 00| 0 eng d | ||
| 020 | _a9789357463966 | ||
| 082 | _a004.21 PEE | ||
| 100 | _aPECKOL,James K | ||
| 245 | _aEmbedded Systems | ||
| 250 | _a2nd Ed | ||
| 260 |
_aNew Delhi _bWiley _c2024 |
||
| 300 | _a843 | ||
| 650 | _aEmbedded Systems | ||
| 942 |
_2ddc _cREF |
||
| 999 |
_c13397 _d13397 |
||